Skip to content
VuFind
All Fields
Title
Author
Subject
Call Number
ISBN/ISSN
Tag
Find
Advanced
DRUG USE & MISUSE
Cite this
Print
Export Record
Export to RefWorks
Export to EndNoteWeb
Export to EndNote
Export to MARC
DRUG USE & MISUSE
Bibliographic Details
Format:
Book
Language:
English
Holdings
Description
Similar Items
Staff View
MARC
LEADER
00000cam a2200000 7i4500
001
0000009860
005
20121116.0
008
121116 eng
020
|a
0471916846
090
0
0
|a
362.293 DRU
245
0
0
|a
DRUG USE & MISUSE
999
|a
0000091179
|b
Buku
|c
Rujukan
|e
Perbadanan Perpustakaan Awam Melaka
Similar Items
Estimation Of Drug Users And Injecting Drug Users In Malaysia
by: Mahmood Nazar Mohamed
Published: (2005)
Drugs In America Society : Third Edition
by: Erich Goode
Published: (1989)
A Drug-Abusing Parent
by: Shuker-Haines, Frances
Published: (1993)
Memerangi Dadah = : Against Drugs
Published: (2009)
Understanding Child Abuse And Neglect
by: Tower, Cynthia Crosson
Published: (1988)